Пропуск в контексте

Erstes Konzert A-moll fur das Pianoforte mit Begleitung des Orchesters

Перешедшие в общественное достояние материалы электронного фонда ЦГПБ им. В.В. Маяковского. Сведения о издательстве или типографии: Breitkopf & H?rtel. Место издания: Лейпциг...

Fuld beskrivelse

Сохранить в:
Bibliografiske detaljer
Hovedforfatter: Мак-Доуэлл Э.
Format: Книга
Sprog:Russian
Udgivet: Санкт-Петербург ЦГПБ им. В.В. Маяковского 2015
Fag:
Online adgang:http://e.lanbook.com/books/element.php?pl1_id=67613
https://e.lanbook.com/img/cover/book/67613.jpg
Tags: Tilføj Tag
Ingen Tags, Vær først til at tagge denne postø!
LEADER 01278nam0a2200241 i 4500
001 67613
003 RuSpLAN
005 20221220173941.0
008 221220s2015 ru gs 000 0 rus
040 |a RuSpLAN 
041 0 |a rus 
044 |a ru 
245 0 0 |a Erstes Konzert A-moll fur das Pianoforte mit Begleitung des Orchesters  |c Мак-Доуэлл Э. 
260 |a Санкт-Петербург  |b ЦГПБ им. В.В. Маяковского  |c 2015 
300 |a 53 с. 
504 |a Библиогр.: доступна в карточке книги, на сайте ЭБС Лань 
520 8 |a Перешедшие в общественное достояние материалы электронного фонда ЦГПБ им. В.В. Маяковского. Сведения о издательстве или типографии: Breitkopf & H?rtel. Место издания: Лейпциг 
521 8 |a Книга из коллекции ЦГПБ им. В.В. Маяковского - Музыка и театр 
653 0 |a музыка и театр 
100 1 |a Мак-Доуэлл Э. 
856 4 |u http://e.lanbook.com/books/element.php?pl1_id=67613 
856 4 8 |u https://e.lanbook.com/img/cover/book/67613.jpg 
953 |a https://e.lanbook.com/img/cover/book/67613.jpg 
Cannot write session to /tmp/vufind_sessions/sess_i4r8mn1cpreed9j73vd3unioeo